[Event "PanAm Intercolleagiate-ch 2019"]
[Site "Charlotte"]
[Date "2019.12.30"]
[Round "6.9"]
[White "Oparin, Grigoriy"]
[Black "Prohaszka, Peter"]
[Result "1/2-1/2"]
[WhiteElo "2650"]
[BlackElo "2595"]
[Annotator "ChessBase"]
[PlyCount "57"]
[EventDate "2019.12.27"]
[EventType "team-tourn"]
[EventCountry "USA"]
[SourceTitle "playchess.com"]
[Source "ChessBase"]
[SourceQuality "1"]
[TimeControl "5400+30"]

1. Nf3 {[%emt 0:00:00]} d5 {[%emt 0:00:00]} 2. c4 {[%emt 0:00:00]} e6 {[%emt 0:00:00]} 3. g3 {[%emt 0:00:00]} Nf6 {[%emt 0:00:00]} 4. Bg2 {[%emt 0:00:00]} dxc4 {[%emt 0:00:00]} 5. Qa4+ {[%emt 0:00:00]} Bd7 {[%emt 0:00:00]} 6. Qxc4 {[%emt 0:00:00]} c5 {[%emt 0:00:02]} 7. Ne5 {[%emt 0:00:11]} Qc8 {[%emt 0:00:07]} 8. Qd3 {[%emt 0:01:08]} Nc6 {[%emt 0:00:08]} 9. Nxd7 {[%emt 0:00:04]} Nxd7 {[%emt 0:00:05]} 10. b3 {[%emt 0:00:09]} Be7 {[%emt 0:00:09]} 11. Bb2 {[%emt 0:00:21]} O-O {[%emt 0:00:09]} 12. Nc3 {[%emt 0:00:43]} Rd8 {[%emt 0:00:33]} 13. Rd1 {[%emt 0:05:32]} Nf6 {[%emt 0:00:19]} 14. Qb1 {[%emt 0:00:31]} Qc7 {[%emt 0:02:44]} 15. O-O {[%emt 0:00:29]} Rac8 {[%emt 0:00:06]} 16. d3 {[%emt 0:05:28]} a6 {[%emt 0:03:52]} 17. Rd2 {[%emt 0:06:38]} b5 {[%emt 0:01:21]} 18. Rfd1 {[%emt 0:00:17]} Nd5 {[%emt 0:10:15]} 19. Ne4 {[%emt 0:06:31]} h6 {[%emt 0:03:24]} 20. e3 {[%emt 0:02:15]} Qb6 {[%emt 0:04:51]} 21. h4 {[%emt 0:11:31]} Na7 {[%emt 0:25:20]} 22. Rc1 {[%emt 0:06:43]} Bf8 {[%emt 0:10:00]} 23. Ba1 {[%emt 0:03:06]} b4 {[%emt 0:01:21]} 24. d4 {[%emt 0:03:39]} cxd4 {[%emt 0:02:36]} 25. Bxd4 {[%emt 0:00:06]} Qb8 {[%emt 0:00:07]} 26. Rdc2 {[%emt 0:10:35]} Rxc2 {[%emt 0:03:16]} 27. Qxc2 {[%emt 0:00:25]} Rc8 {[%emt 0:00:33]} 28. Qd2 {[%emt 0:00:13]} Nb5 {[%emt 0:00:45]} 29. Rc4 {[%emt 0:08:30]} 1/2-1/2

[Event "PanAm Intercolleagiate-ch 2019"]
[Site "Charlotte"]
[Date "2019.12.30"]
[Round "6.11"]
[White "Repka, Christopher"]
[Black "Krykun, Yuriy"]
[Result "1/2-1/2"]
[WhiteElo "2485"]
[BlackElo "2352"]
[Annotator "ChessBase"]
[PlyCount "89"]
[EventDate "2019.12.27"]
[EventType "team-tourn"]
[EventCountry "USA"]
[SourceTitle "playchess.com"]
[Source "ChessBase"]
[SourceQuality "1"]
[TimeControl "5400+30"]

1. d4 {[%emt 1:30:30]} Nf6 {[%emt 1:30:30]} 2. Nf3 {[%emt 0:00:30]} e6 {[%emt 0:00:30]} 3. c4 {[%emt 0:00:30]} b6 {[%emt 0:00:30]} 4. g3 {[%emt 0:00:30]} Bb7 {[%emt 0:00:30]} 5. Bg2 {[%emt 0:00:30]} Be7 {[%emt 0:00:30]} 6. O-O {[%emt 0:00:30]} O-O {[%emt 0:00:30]} 7. Nc3 {[%emt 0:00:30]} Ne4 {[%emt 0:00:30]} 8. Bd2 {[%emt 0:00:30]} d6 {[%emt 0:00:30]} 9. d5 {[%emt 0:00:30]} Nxd2 {[%emt 0:00:30]} 10. Qxd2 {[%emt 0:00:30]} e5 {[%emt 0:00:30]} 11. e4 {[%emt 0:00:30]} Nd7 {[%emt 0:00:30]} 12. Ne1 {[%emt 0:00:30]} Bg5 {[%emt 0:00:30]} 13. Qe2 {[%emt 0:00:30]} Bh6 {[%emt 0:00:30]} 14. Nd3 {[%emt 0:00:30]} Nc5 {[%emt 0:00:30]} 15. Nxc5 {[%emt 0:00:30]} bxc5 {[%emt 0:00:30]} 16. a4 {[%emt 0:00:30]} Bc8 {[%emt 0:00:30]} 17. a5 {[%emt 0:00:30]} Rb8 {[%emt 0:00:30]} 18. Rfb1 {[%emt 0:00:30]} Qg5 {[%emt 0:00:30]} 19. a6 {[%emt 0:00:30]} Bd7 {[%emt 0:00:30]} 20. Nb5 {[%emt 0:00:30]} Bxb5 {[%emt 0:00:30]} 21. cxb5 {[%emt 0:00:30]} Qd2 {[%emt 0:00:30]} 22. Bf1 {[%emt 0:00:30]} f5 {[%emt 0:00:30]} 23. exf5 {[%emt 0:00:30]} Rxf5 {[%emt 0:00:30]} 24. Rd1 {[%emt 0:00:30]} Qb4 {[%emt 0:00:30]} 25. Bh3 {[%emt 0:00:30]} Rf6 {[%emt 0:00:30]} 26. Bd7 {[%emt 0:00:30]} Rbf8 {[%emt 0:00:30]} 27. Rf1 {[%emt 0:00:30]} g6 {[%emt 0:00:30]} 28. Qc2 {[%emt 0:00:30]} Rf3 {[%emt 0:00:30]} 29. Ra4 {[%emt 0:00:30]} Qb3 {[%emt 0:00:30]} 30. Rc4 {[%emt 0:00:30]} Kg7 {[%emt 0:00:30]} 31. Kg2 {[%emt 0:00:30]} Qxc2 {[%emt 0:00:30]} 32. Rxc2 {[%emt 0:00:30]} Rb3 {[%emt 0:00:30]} 33. Re1 {[%emt 0:00:30]} Rf7 {[%emt 0:00:30]} 34. Bc6 {[%emt 0:00:30]} Rff3 {[%emt 0:00:30]} 35. Re4 {[%emt 0:00:30]} Rf7 {[%emt 0:00:30]} 36. Be8 {[%emt 0:00:30]} Rf8 {[%emt 0:00:30]} 37. Bc6 {[%emt 0:00:30]} Rf7 {[%emt 0:00:30]} 38. Re1 {[%emt 0:00:30]} Bg5 {[%emt 0:00:30]} 39. Be8 {[%emt 0:00:30]} Rf8 {[%emt 0:00:30]} 40. Bc6 {[%emt 0:00:30]} h5 {[%emt 0:00:30]} 41. Re4 {[%emt 0:00:30]} Bh6 {[%emt 0:00:30]} 42. h4 {[%emt 0:00:30]} Rf6 {[%emt 0:00:30]} 43. Rce2 {[%emt 0:00:30]} Bc1 {[%emt 0:00:30]} 44. Re1 {[%emt 0:00:30]} Rxb2 {[%emt 0:00:30]} 45. Rxc1 {[%emt 0:00:30]} 1/2-1/2

[Event "PanAm Intercolleagiate-ch 2019"]
[Site "Charlotte"]
[Date "2019.12.30"]
[Round "6.12"]
[White "Grabinsky, Aaron"]
[Black "Tokhirjonova, Gulrukhbegim"]
[Result "1-0"]
[WhiteElo "2349"]
[BlackElo "2421"]
[Annotator "NA"]
[PlyCount "163"]
[EventDate "2019.12.27"]
[EventType "team-tourn"]
[EventCountry "USA"]
[SourceTitle "playchess.com"]
[Source "ChessBase"]
[SourceQuality "1"]
[TimeControl "5400+30"]

1. b3 {[%emt 1:30:30]} d5 {[%emt 1:30:30]} 2. Bb2 {[%emt 0:00:30]} Nf6 {[%emt 0:00:30]} 3. e3 {[%emt 0:00:30]} Bf5 {[%emt 0:00:30]} 4. Nf3 {[%emt 0:00:30]} h6 {[%emt 0:00:30]} 5. d4 {[%emt 0:00:30]} e6 {[%emt 0:00:30]} 6. Be2 {[%emt 0:00:30]} Nbd7 {[%emt 0:00:30]} 7. O-O {[%emt 0:00:30]} Be7 {[%emt 0:00:30]} 8. c4 {[%emt 0:00:30]} O-O {[%emt 0:00:30]} 9. c5 {[%emt 0:00:30]} c6 {[%emt 0:00:30]} 10. Nc3 {[%emt 0:00:30]} b6 {[%emt 0:00:30]} 11. b4 {[%emt 0:00:30]} Qc7 {[%emt 0:00:30]} 12. Bd3 {[%emt 0:00:30]} Bxd3 {[%emt 0:00:30]} 13. Qxd3 {[%emt 0:00:30]} a5 {[%emt 0:00:30]} 14. a3 {[%emt 0:00:30]} Rfb8 {[%emt 0:00:30]} 15. Qc2 {[%emt 0:00:30]} Rb7 {[%emt 0:00:30]} 16. Rfb1 {[%emt 0:00:30]} Rab8 {[%emt 0:00:30]} 17. h3 {[%emt 0:00:30]} Nh7 {[%emt 0:00:30]} 18. Ne2 {[%emt 0:00:30]} Ng5 {[%emt 0:00:30]} 19. Nxg5 {[%emt 0:00:30]} hxg5 {[%emt 0:00:30]} 20. Bc3 {[%emt 0:00:30]} Qc8 {[%emt 0:00:30]} 21. Rc1 {[%emt 0:00:30]} Ra7 {[%emt 0:00:30]} 22. Be1 {[%emt 0:00:30]} Qa6 {[%emt 0:00:30]} 23. Qd1 {[%emt 0:00:30]} Rab7 {[%emt 0:00:30]} 24. Nc3 {[%emt 0:00:30]} bxc5 {[%emt 0:00:30]} 25. bxc5 {[%emt 0:00:30]} Bf6 {[%emt 0:00:30]} 26. g3 {[%emt 0:00:30]} Rb3 {[%emt 0:00:30]} 27. Qe2 {[%emt 0:00:30]} Qa7 {[%emt 0:00:30]} 28. Na4 {[%emt 0:00:30]} e5 {[%emt 0:00:30]} 29. Bc3 {[%emt 0:00:30]} Rxc3 {[%emt 0:00:30]} 30. Nxc3 {[%emt 0:00:30]} exd4 {[%emt 0:00:30]} 31. exd4 {[%emt 0:00:30]} Bxd4 {[%emt 0:00:30]} 32. Rab1 {[%emt 0:00:30]} Rxb1 {[%emt 0:00:30]} 33. Nxb1 {[%emt 0:00:30]} Nxc5 {[%emt 0:00:30]} 34. Nd2 {[%emt 0:00:30]} Qc7 {[%emt 0:00:30]} 35. Kg2 {[%emt 0:00:30]} Ne6 {[%emt 0:00:30]} 36. Qa6 {[%emt 0:00:30]} Nc5 {[%emt 0:00:30]} 37. Qe2 {[%emt 0:00:30]} Ne6 {[%emt 0:00:30]} 38. Nf3 {[%emt 0:00:30]} Bf6 {[%emt 0:00:30]} 39. Qa6 {[%emt 0:00:30]} c5 {[%emt 0:00:30]} 40. Qa8+ {[%emt 0:00:30]} Qd8 {[%emt 0:00:30]} 41. Qxd8+ {[%emt 0:00:30]} Bxd8 42. Rd1 {[%emt 0:00:30]} d4 {[%emt 0:01:00]} 43. Ne5 {[%emt 0:00:30]} Kf8 {[%emt 0:00:30]} 44. Kf3 {[%emt 0:00:30]} Ke7 {[%emt 0:00:30]} 45. Ke4 {[%emt 0:00:30]} Bc7 {[%emt 0:00:30]} 46. Nc4 {[%emt 0:00:30]} Kd7 {[%emt 0:00:30]} 47. Kd5 {[%emt 0:00:30]} g6 {[%emt 0:00:30]} 48. Rb1 {[%emt 0:00:30]} Bd8 {[%emt 0:00:30]} 49. Rb7+ {[%emt 0:00:30]} Bc7 {[%emt 0:00:30]} 50. Ra7 {[%emt 0:00:30]} Kc8 {[%emt 0:00:30]} 51. Kc6 {[%emt 0:00:30]} Nd8+ {[%emt 0:00:30]} 52. Kxc5 {[%emt 0:00:30]} Kb8 {[%emt 0:00:30]} 53. Ra6 {[%emt 0:00:30]} Ne6+ {[%emt 0:00:30]} 54. Kd5 {[%emt 0:00:30]} d3 {[%emt 0:00:30]} 55. Rc6 {[%emt 0:00:30]} Kb7 {[%emt 0:00:30]} 56. Nd6+ {[%emt 0:00:30]} Ka7 {[%emt 0:00:30]} 57. Nb5+ {[%emt 0:00:30]} Kb7 {[%emt 0:00:30]} 58. Rc3 {[%emt 0:00:30]} Bb6 {[%emt 0:00:30]} 59. Rxd3 {[%emt 0:00:30]} Ka6 {[%emt 0:00:30]} 60. Nd6 {[%emt 0:00:30]} Nc5 {[%emt 0:00:30]} 61. Rc3 {[%emt 0:00:30]} Na4 {[%emt 0:00:30]} 62. Rc6 {[%emt 0:00:30]} Ka7 {[%emt 0:00:30]} 63. f3 {[%emt 0:00:30]} Bf2 {[%emt 0:00:30]} 64. g4 {[%emt 0:00:30]} Nb6+ {[%emt 0:00:30]} 65. Ke4 {[%emt 0:00:30]} f6 {[%emt 0:00:30]} 66. Nb5+ {[%emt 0:00:30]} Ka6 {[%emt 0:00:30]} 67. Nc3 {[%emt 0:00:30]} Kb7 {[%emt 0:00:30]} 68. Rxf6 {[%emt 0:00:30]} Nc4 {[%emt 0:00:30]} 69. Rxg6 {[%emt 0:00:30]} Nxa3 {[%emt 0:00:30]} 70. Kd3 {[%emt 0:00:30]} Bh4 {[%emt 0:00:30]} 71. Re6 {[%emt 0:00:30]} Bg3 {[%emt 0:00:30]} 72. Re2 {[%emt 0:00:30]} Kc6 {[%emt 0:00:30]} 73. Ne4 {[%emt 0:00:30]} Bf4 {[%emt 0:00:30]} 74. Ra2 {[%emt 0:00:30]} Bc1 {[%emt 0:00:30]} 75. Nc3 {[%emt 0:00:30]} Nb5 {[%emt 0:00:30]} 76. Rxa5 {[%emt 0:00:30]} Nxc3 {[%emt 0:00:30]} 77. Kxc3 {[%emt 0:00:30]} Kd6 {[%emt 0:00:30]} 78. Kd4 {[%emt 0:00:30]} Ke6 {[%emt 0:00:30]} 79. Ra6+ {[%emt 0:00:30]} Kf7 {[%emt 0:00:30]} 80. Ke5 {[%emt 0:00:30]} Kg7 {[%emt 0:00:30]} 81. Kf5 {[%emt 0:00:30]} Kh7 {[%emt 0:00:30]} 82. Rg6 {[%emt 0:00:30]} 1-0

[Event "PanAm Intercolleagiate-ch 2019"]
[Site "Charlotte"]
[Date "2019.12.30"]
[Round "6.13"]
[White "Quesada Perez, Yuniesky"]
[Black "Bajarani, Ulvi"]
[Result "1-0"]
[WhiteElo "2601"]
[BlackElo "2468"]
[Annotator "ChessBase"]
[PlyCount "101"]
[EventDate "2019.12.27"]
[EventType "team-tourn"]
[EventCountry "USA"]
[SourceTitle "playchess.com"]
[Source "ChessBase"]
[SourceQuality "1"]
[TimeControl "5400+30"]

1. e4 {[%emt 0:00:00]} e6 {[%emt 0:01:13]} 2. d4 {[%emt 0:00:00]} d5 {[%emt 0:00:08]} 3. Nc3 {[%emt 0:00:21]} Bb4 {[%emt 0:00:06]} 4. Nge2 {[%emt 0:01:46]} Nf6 {[%emt 0:01:39]} 5. e5 {[%emt 0:00:34]} Nfd7 {[%emt 0:00:06]} 6. f4 {[%emt 0:00:49]} O-O {[%emt 0:02:04]} 7. a3 {[%emt 0:01:05]} Be7 {[%emt 0:00:13]} 8. Be3 {[%emt 0:00:32]} c5 {[%emt 0:02:05]} 9. dxc5 {[%emt 0:03:32]} Nxc5 {[%emt 0:00:26]} 10. Qd2 {[%emt 0:01:21]} Nc6 {[%emt 0:01:49]} 11. Nd4 {[%emt 0:01:00]} Bd7 {[%emt 0:02:55]} 12. Be2 {[%emt 0:01:16]} a5 {[%emt 0:07:05]} 13. O-O {[%emt 0:03:14]} a4 {[%emt 0:01:35]} 14. Kh1 {[%emt 0:06:24]} b6 {[%emt 0:01:15]} 15. Rad1 {[%emt 0:01:05]} Qb8 {[%emt 0:12:32]} 16. Qe1 {[%emt 0:04:34]} Nxd4 {[%emt 0:07:52]} 17. Bxd4 {[%emt 0:00:07]} Bc6 {[%emt 0:00:06]} 18. Qf2 {[%emt 0:04:30]} Qb7 {[%emt 0:00:18]} 19. Qe3 {[%emt 0:03:24]} Rab8 {[%emt 0:00:33]} 20. Qh3 {[%emt 0:14:08]} Ne4 {[%emt 0:05:40]} 21. Nxe4 {[%emt 0:09:48]} dxe4 {[%emt 0:00:08]} 22. Qe3 {[%emt 0:00:12]} Rfd8 {[%emt 0:01:16]} 23. c3 {[%emt 0:02:15]} h6 {[%emt 0:02:12]} 24. Bc4 {[%emt 0:02:32]} Bd5 {[%emt 0:01:30]} 25. Bxd5 {[%emt 0:02:01]} Qxd5 {[%emt 0:00:26]} 26. Rfe1 {[%emt 0:00:16]} Qb3 {[%emt 0:03:04]} 27. Rd2 {[%emt 0:00:17]} Bc5 {[%emt 0:00:26]} 28. Qxe4 {[%emt 0:00:49]} b5 {[%emt 0:00:50]} 29. Ree2 {[%emt 0:03:45]} Qc4 {[%emt 0:01:59]} 30. h3 {[%emt 0:18:16]} Bxd4 {[%emt 0:01:43]} 31. cxd4 {[%emt 0:00:37]} b4 {[%emt 0:00:40]} 32. Kh2 {[%emt 0:00:07]} bxa3 {[%emt 0:00:25]} 33. bxa3 {[%emt 0:00:03]} Rb3 {[%emt 0:01:00]} 34. d5 {[%emt 0:01:20]} Qc3 {[%emt 0:05:49]} 35. d6 {[%emt 0:00:19]} Rxa3 {[%emt 0:01:34]} 36. Rd1 {[%emt 0:00:15]} Qb3 {[%emt 0:05:59]} 37. Rc2 {[%emt 0:03:35]} g6 {[%emt 0:00:58]} 38. Rdc1 {[%emt 0:04:14]} Qg3+ {[%emt 0:02:27]} 39. Kh1 {[%emt 0:00:10]} g5 {[%emt 0:00:08]} 40. fxg5 {[%emt 0:07:51]} hxg5 {[%emt 0:02:15]} 41. Rf1 {[%emt 0:00:26]} Qd3 {[%emt 0:00:21]} 42. Qxd3 {[%emt 0:01:08]} Rxd3 {[%emt 0:00:07]} 43. Rc7 {[%emt 0:00:01]} Rf8 {[%emt 0:00:17]} 44. Ra7 {[%emt 0:00:21]} Re3 {[%emt 0:01:40]} 45. Ra5 {[%emt 0:00:32]} Kg7 {[%emt 0:02:48]} 46. Ra1 {[%emt 0:00:39]} Rb8 {[%emt 0:01:48]} 47. R1xa4 {[%emt 0:00:26]} f5 {[%emt 0:02:29]} 48. Ra8 {[%emt 0:01:17]} Rb1+ {[%emt 0:01:19]} 49. Kh2 {[%emt 0:00:00]} f4 {[%emt 0:00:41]} 50. R4a7+ {[%emt 0:00:09]} Kh6 {[%emt 0:01:16]} 51. Rf8 {[%emt 0:00:23]} 1-0

[Event "PanAm Intercolleagiate-ch 2019"]
[Site "Charlotte"]
[Date "2019.12.30"]
[Round "6.14"]
[White "Hevia Alejano, Carlos Antonio"]
[Black "Gledura, Benjamin"]
[Result "1-0"]
[WhiteElo "2465"]
[BlackElo "2626"]
[Annotator "ChessBase"]
[PlyCount "67"]
[EventDate "2019.12.27"]
[EventType "team-tourn"]
[EventCountry "USA"]
[SourceTitle "playchess.com"]
[Source "ChessBase"]
[SourceQuality "1"]
[TimeControl "5400+30"]

1. c4 {[%emt 0:06:16]} g6 {[%emt 0:00:18]} 2. Nc3 {[%emt 0:01:11]} c5 {[%emt 0:00:23]} 3. Nf3 {[%emt 0:03:54]} Bg7 {[%emt 0:00:10]} 4. g3 {[%emt 0:03:22]} Nc6 {[%emt 0:00:40]} 5. Bg2 {[%emt 0:00:07]} d6 {[%emt 0:00:23]} 6. O-O {[%emt 0:02:01]} e6 {[%emt 0:00:22]} 7. d3 {[%emt 0:02:50]} Nge7 {[%emt 0:00:21]} 8. Bd2 {[%emt 0:10:06]} b6 {[%emt 0:02:35]} 9. Qc1 {[%emt 0:00:44]} h6 {[%emt 0:01:03]} 10. Rb1 {[%emt 0:01:43]} Bb7 {[%emt 0:00:24]} 11. a3 {[%emt 0:00:05]} g5 {[%emt 0:01:32]} 12. b4 {[%emt 0:02:27]} Qd7 {[%emt 0:04:28]} 13. Nb5 {[%emt 0:20:52]} Ng6 {[%emt 0:11:34]} 14. Bc3 {[%emt 0:07:38]} e5 {[%emt 0:02:54]} 15. Nd2 {[%emt 0:08:38]} f5 {[%emt 0:02:23]} 16. Bd5 {[%emt 0:00:06]} Nd8 {[%emt 0:04:00]} 17. a4 {[%emt 0:03:20]} h5 {[%emt 0:20:54]} 18. bxc5 {[%emt 0:03:13]} dxc5 {[%emt 0:01:30]} 19. Bxb7 {[%emt 0:00:10]} Nxb7 {[%emt 0:00:08]} 20. Nf3 {[%emt 0:00:35]} f4 {[%emt 0:04:30]} 21. Nxg5 {[%emt 0:01:28]} Bh6 {[%emt 0:07:42]} 22. Bxe5 {[%emt 0:10:19]} Nxe5 {[%emt 0:07:55]} 23. Qxf4 {[%emt 0:00:01]} Qe7 {[%emt 0:00:36]} 24. Qe4 {[%emt 0:03:54]} Bxg5 {[%emt 0:02:15]} 25. f4 {[%emt 0:00:02]} Ng4 {[%emt 0:03:47]} 26. Qc6+ {[%emt 0:01:55]} Kf7 {[%emt 0:11:34]} 27. fxg5+ {[%emt 0:01:29]} Kg7 {[%emt 0:00:01]} 28. Nc7 {[%emt 0:00:51]} Rhc8 {[%emt 0:00:19]} 29. Ne6+ {[%emt 0:01:21]} Kh8 {[%emt 0:00:22]} 30. Qd5 {[%emt 0:00:11]} Re8 {[%emt 0:01:15]} 31. g6 {[%emt 0:00:10]} Nd6 {[%emt 0:08:24]} 32. Qxh5+ {[%emt 0:01:19]} Kg8 {[%emt 0:00:01]} 33. Rf7 {[%emt 0:01:01]} Nf6 {[%emt 0:00:20]} 34. Rxf6 {[%emt 0:00:47]} 1-0

[Event "PanAm Intercolleagiate-ch 2019"]
[Site "Charlotte"]
[Date "2019.12.30"]
[Round "6.16"]
[White "Kambrath, Yannick"]
[Black "Burke, John M"]
[Result "1-0"]
[WhiteElo "2371"]
[BlackElo "2551"]
[Annotator "ChessBase"]
[PlyCount "61"]
[EventDate "2019.12.27"]
[EventType "team-tourn"]
[EventCountry "USA"]
[SourceTitle "playchess.com"]
[Source "ChessBase"]
[SourceQuality "1"]
[TimeControl "5400+30"]

1. c4 {[%emt 0:01:52]} e5 {[%emt 0:00:00]} 2. Nc3 {[%emt 0:00:22]} Nf6 {[%emt 0:00:00]} 3. Nf3 {[%emt 0:00:16]} Nc6 {[%emt 0:00:00]} 4. e3 {[%emt 0:00:18]} Bb4 {[%emt 0:00:41]} 5. Qc2 {[%emt 0:00:24]} Bxc3 {[%emt 0:00:10]} 6. bxc3 {[%emt 0:00:21]} d6 {[%emt 0:01:04]} 7. d3 {[%emt 0:00:35]} O-O {[%emt 0:01:00]} 8. Be2 {[%emt 0:00:53]} b6 {[%emt 0:08:09]} 9. O-O {[%emt 0:01:17]} Bb7 {[%emt 0:00:28]} 10. e4 {[%emt 0:00:52]} Nd7 {[%emt 0:04:28]} 11. Bg5 {[%emt 0:11:38]} f6 {[%emt 0:05:22]} 12. Be3 {[%emt 0:00:58]} f5 {[%emt 0:09:29]} 13. exf5 {[%emt 0:05:15]} Rxf5 {[%emt 0:01:20]} 14. d4 {[%emt 0:06:44]} Qf8 {[%emt 0:11:26]} 15. d5 {[%emt 0:13:32]} Na5 {[%emt 0:15:17]} 16. Ng5 {[%emt 0:02:43]} g6 {[%emt 0:00:57]} 17. Ne6 {[%emt 0:06:14]} Qe7 {[%emt 0:01:22]} 18. f4 {[%emt 0:04:01]} Nf8 {[%emt 0:05:05]} 19. g4 {[%emt 0:14:04]} Rf7 {[%emt 0:02:33]} 20. f5 {[%emt 0:05:34]} gxf5 {[%emt 0:00:47]} 21. Bg5 {[%emt 0:00:39]} Qd7 {[%emt 0:00:19]} 22. gxf5 {[%emt 0:02:18]} b5 {[%emt 0:03:04]} 23. Rf3 {[%emt 0:03:49]} Nxc4 {[%emt 0:05:15]} 24. Rg3 {[%emt 0:10:52]} Bxd5 {[%emt 0:02:59]} 25. Nxf8 {[%emt 0:02:16]} Kxf8 {[%emt 0:02:04]} 26. Bh6+ {[%emt 0:00:01]} Ke7 {[%emt 0:00:23]} 27. f6+ {[%emt 0:00:45]} Rxf6 {[%emt 0:00:17]} 28. Qxh7+ {[%emt 0:01:10]} Kd8 {[%emt 0:09:11]} 29. Qh8+ {[%emt 0:01:03]} Ke7 {[%emt 0:01:25]} 30. Qg7+ {[%emt 0:01:05]} Bf7 {[%emt 0:02:59]} 31. Bg5 {[%emt 0:00:37]} 1-0